| 000 | 00546nam a2200181 a 4500 | ||
|---|---|---|---|
| 001 | 3333 | ||
| 003 | CDMR | ||
| 005 | 20131001130433.0 | ||
| 008 | 130130s2003||||||||||||||||||||||||||||d | ||
| 020 | _a8484110557 | ||
| 040 |
_aCDMR _bcat _cCDMR |
||
| 100 | 1 |
_aBrichs, Xavier _92408 |
|
| 245 | 1 | 0 |
_aReflejos de la realidad _b: así son y así se hacen los mejores programas de reportajes de la televisión _cXavier Brichs |
| 260 |
_aBarcelona _c2003 _bCIMS 97 |
||
| 650 | 0 | 4 |
_93122 _aTelevisió _xProgrames |
| 650 | 0 | 4 |
_93352 _aReportatges |
| 942 |
_cMON _2udc |
||
| 999 |
_c3333 _d3333 |
||